Fr. Conceicao Rodrigues College of Engineering

FISH:A remarkable way to boost Morale and improve result (Record no. 24039)

MARC details
000 -LEADER
fixed length control field 00338nam a2200145Ia 4500
082 ## - DEWEY DECIMAL CLASSIFICATION NUMBER
Classification number 658
Item number LUN
100 ## - MAIN ENTRY--PERSONAL NAME
Personal name Lundin/Stephen C
245 ## - TITLE STATEMENT
Title FISH:A remarkable way to boost Morale and improve result
260 ## - PUBLICATION, DISTRIBUTION, ETC.
Name of publisher, distributor, etc. Hadder and Stoughton
Date of publication, distribution, etc. 2000
300 ## - PHYSICAL DESCRIPTION
Extent 107
546 ## - LANGUAGE NOTE
Language note ENGLISH
650 ## - SUBJECT ADDED ENTRY--TOPICAL TERM
Topical term or geographic name entry element General
654 ## - SUBJECT ADDED ENTRY--FACETED TOPICAL TERMS
Focus term fish
942 ## - ADDED ENTRY ELEMENTS (KOHA)
Koha item type BOOK
Holdings
Withdrawn status Lost status Damaged status Not for loan Collection Home library Current library Date acquired Total Checkouts Full call number Barcode Date last seen Price effective from Koha item type
        CRC Fr. Agnel's C.Rodrigues College of Engineering Fr. Agnel's C.Rodrigues College of Engineering 17/03/2023   658 LUN 13579 17/03/2023 17/03/2023 BOOK